Werenoi - Meilleurs sons - Statistiques

Statistiques générales
  • Ce quiz a été pris 1 340 fois
  • Le résultat moyen est 8 sur 20
Statistiques - réponses
Titre Ecoutes % Correct
4 Chemin d'or 52,9 M
72%
2 Laboratoire 81,2 M
71%
20 Pyramide 15,4 M
66%
1 Solitaire 85,4 M
59%
14 Tu connais 29,2 M
58%
3 La League 78,4 M
56%
5 Ciao 48,7 M
49%
9 3 singes 34 M
46%
7 Scarface 38,5 M
44%
19 Mauvaise 15,9 M
43%
8 All eyes on me 37,1 M
40%
6 10.03.2023 40,8 M
34%
11 Escorte 31,7 M
29%
12 Tout seul 30,3 M
27%
13 Selfie 29;4 M
25%
15 Grisaille 22,1 M
23%
18 Virus 17,3 M
21%
17 Magot 17,4 M
14%
10 Vulgaire 33,6 M
13%
16 Déjà vu 19,1 M
8%
Aucun quiz correspondant
Distribution des résultats
% des personnes avec chaque résultat
Percentile par nombre de réponses
Votre historique - résultats
Vous n’avez pas pris ce quiz